Introduction to reliability and quality engineering /

Shranjeno v:
Bibliografske podrobnosti
Glavni avtor: Bentley, John P., 1943-
Format: Knjiga
Jezik:English
Izdano: Harlow, England ; Reading, Mass : Addison-Wesley, 1999.
Izdaja:2nd ed.
Teme:
Oznake: Označite
Brez oznak, prvi označite!
Thư viện lưu trữ: Mạng thư viện Đại học Đà Nẵng
LEADER 01200cam a2200373 i 4500
001 000046073
003 5341
005 20180118145058.0
008 010220b1999 vm 000 eng
020 |a 0201331322 (pbk.) 
040 |a LRCC  |c LRCC  |d LRCC 
041 0 |a eng 
082 1 4 |a 620.0045  |b BE-J 
100 1 |a Bentley, John P.,  |d 1943- 
245 0 0 |a Introduction to reliability and quality engineering /  |c John P. Bentley. 
250 |a 2nd ed. 
260 |a Harlow, England ; Reading, Mass :  |b Addison-Wesley,  |c 1999. 
300 |a xiv, 202 p. :  |b ill. 
630 0 4 |a Quality control. 
630 0 4 |a Reliability. 
650 0 4 |a Quality control. 
650 0 4 |a Reliability (Engineering) 
OWN |a DUT 
AVA |a UDN50  |b DUT  |c Book  |d 620.0045 BE-J  |e available  |t Error 5001 Not defined in file expand_doc_bib_avail.  |f 1  |g 0  |h N  |i 0  |j SH  |k 1 
999 |a From the UDN01 
AVA |a UDN50  |b DUT  |c Book  |d 620.0045 BE-J  |e available  |t Error 5001 Not defined in file expand_doc_bib_avail.  |f 1  |g 0  |h N  |i 0  |j SH  |k 1 
TYP |a Monograph 
TYP |a Printed language 
980 |a Mạng thư viện Đại học Đà Nẵng